000 00788nmc a2200313 a 4500
003 AR-BaBNM
005 20251128210807.0
008 196020s1996 ||||||||||||||000 | spa||
020 _a84-8063-223-2
040 _cAR-BaBNM
100 1 _aBallbé, Josepa
245 1 0 _aTras los pasos de Don Quijote
250 _a1ª ed.
260 _aBarcelona
_bOctaedro
_c1996
300 0 _a47 p.
490 0 _aViajes literarios
650 4 _aLITERATURA ESPANOLA
650 4 _aACTIVIDADES DE APRENDIZAJE
650 4 _aHUMOR
650 4 _aTURISMO
653 0 _aSIGLO DE ORO
653 0 _aENSENANZA DE LA LITERATURA
653 0 _aNOVELA DE CABALLERIA
653 0 _aBARROCO
700 1 _aDomínguez, Isabel
700 1 _aIglesias, Consuelo
942 _cBK
998 _cme-solo cat
999 _c16941
_d16941